000 00613nam a22001937a 4500
005 20251108165328.0
008 250721s1997 xx 000 0 ara d
082 1 4 _a956.66/امن
100 1 _aميرفي، ايما
_eمؤلف
245 1 0 _aأمن الخليج العربي في ظل النظام الدولي الجديد /
264 1 _aعمان :
_bمركز دراسات الشرق الأوسط،
_c1997.
300 _a217ص.
490 0 _aدراسات ؛25
650 1 7 _aالخليج العربي
650 1 7 _aالتاريخ
700 1 _aالحمد، جواد
942 _2ddc
_cBK
999 _c25229
_d25229